MARC details
| 000 -CABECERA |
| campo de control de longitud fija |
00827cam a22002297a 4500 |
| 003 - IDENTIFICADOR DEL NÚMERO DE CONTROL |
| campo de control |
UPN |
| 005 - FECHA Y HORA DE LA ÚLTIMA TRANSACCIÓN |
| campo de control |
20250513063839.0 |
| 008 - ELEMENTOS DE LONGITUD FIJA--INFORMACIÓN GENERAL |
| campo de control de longitud fija |
220315t2010 mx|a||||r|||| 000 0 spa d |
| 020 ## - NÚMERO INTERNACIONAL NORMALIZADO PARA LIBROS |
| Número Internacional Estándar del Libro |
9786079535131 |
| 040 ## - FUENTE DE LA CATALOGACIÓN |
| Centro catalogador/agencia de origen |
MX-MxUPN |
| Lengua de catalogación |
spa |
| Centro/agencia transcriptor |
MX-MxUPN |
| 050 14 - SIGNATURA TOPOGRÁFICA DE LA BIBLIOTECA DEL CONGRESO |
| Número de clasificación |
HQ1237 |
| Número de documento/Ítem |
L4.6 |
| 100 1# - ASIENTO PRINCIPAL--NOMBRE PERSONAL |
| Nombre de persona |
Leñero Llaca, Martha I. |
| 9 (RLIN) |
33440 |
| 245 #0 - MENCIÓN DE TÍTULO |
| Título |
Equidad de género y prevención de la violencia en primaria / |
| Mención de responsabilidad, etc. |
Martha I. Leñero Llaca |
| 260 ## - PUBLICACIÓN, DISTRIBUCIÓN, ETC. |
| Lugar de publicación, distribución, etc. |
México : |
| Nombre del editor, distribuidor, etc. |
SEP : |
| -- |
UNAM, Programa universitario de estudios de género , |
| Fecha de publicación, distribución, etc. |
2010 |
| 300 ## - DESCRIPCIÓN FÍSICA |
| Extensión |
243 p.: |
| Otras características físicas |
il. |
| 530 ## - NOTA DE FORMATO FÍSICO ADICIONAL DISPONIBLE |
| Nota de formato físico adicional disponible |
También disponible en línea. |
| 650 14 - ASIENTO SECUNDARIO DE MATERIA - TERMINO TEMATICO |
| Término de materia o nombre geográfico como elemento de entrada |
Equidad de género |
| 9 (RLIN) |
4872 |
| 650 17 - ASIENTO SECUNDARIO DE MATERIA - TERMINO TEMATICO |
| Término de materia o nombre geográfico como elemento de entrada |
Violencia |
| Subdivisión general |
Prevención |
| Fuente del encabezamiento o término |
|
| 9 (RLIN) |
13657 |
| 856 40 - LOCALIZACIÓN Y ACCESO ELECTRÓNICOS |
| Identificador Uniforme del Recurso |
<a href="https://www.sep.gob.mx/work/models/sep1/Resource/1039/1/images/equidad.pdf">https://www.sep.gob.mx/work/models/sep1/Resource/1039/1/images/equidad.pdf</a> |
| Texto de enlace |
Texto completo |
| 942 ## - ELEMENTOS DE PUNTO DE ACCESO ADICIONAL (KOHA) |
| Fuente del sistema de clasificación o colocación |
Library of Congress Classification |
| Tipo de ítem Koha |
Libro |